000 00480nam a2200169Ia 4500
003 GCL
008 140319s9999 xx 000 0 ara d
040 _aGCL /
_cGCL
082 0 4 _a869
_bش أ
100 1 _aشاكر مصطفى
245 1 0 _aالادب فى البرازيل (عالم المعرفة101) /
_cشاكر مصطفى
300 _a293 ص
490 _aعالم المعرفة
_v0
650 0 4 _aالادب
650 0 4 _aالادب البرازيلى
942 _2ddc
_cBK
999 _c51508
_d51508